[Event "WCO2014"]
[Site "Tromso"]
[Date "2014.08.03"]
[Round "2.39"]
[WhiteID "13200615"]
[White "Lim Hakyung"]
[BlackID "3101851"]
[Black "Vega Jimenez Keyshla M."]
[Result "0-1"]
[LiveChessVersion "1.4.3"]
[BlackElo "1664"]
[WhiteElo "1567"]

1. d4 {[%clk 1:30:57]} Nf6 {[%clk 1:30:55]} 2. c4 {[%clk 1:31:24]} g6
{[%clk 1:31:20]} 3. Nc3 {[%clk 1:31:48]} Bg7 {[%clk 1:31:46]} 4. f3
{[%clk 1:31:59]} O-O {[%clk 1:32:10]} 5. e4 {[%clk 1:32:21]} d6 {[%clk 1:32:34]}
6. Be3 {[%clk 1:31:55]} e5 {[%clk 1:30:04]} 7. Qd2 {[%clk 0:49:39]} a5
{[%clk 1:24:29]} 8. Bd3 {[%clk 0:45:32]} Na6 {[%clk 1:08:19]} 9. Nge2
{[%clk 0:41:45]} Nb4 {[%clk 0:58:55]} 10. Rc1 {[%clk 0:31:45]} Nh5
{[%clk 0:53:47]} 11. a3 {[%clk 0:24:22]} Nc6 {[%clk 0:44:29]} 12. d5
{[%clk 0:24:13]} Ne7 {[%clk 0:29:12]} 13. O-O {[%clk 0:16:54]} f5
{[%clk 0:25:12]} 14. c5 {[%clk 0:15:45]} f4 {[%clk 0:23:23]} 15. Bf2
{[%clk 0:16:10]} g5 {[%clk 0:11:50]} 16. cxd6 {[%clk 0:15:12]} cxd6
{[%clk 0:12:17]} 17. Nb5 {[%clk 0:14:33]} b6 {[%clk 0:11:25]} 18. b4
{[%clk 0:11:33]} g4 {[%clk 0:10:06]} 19. fxg4 {[%clk 0:10:51]} Bxg4
{[%clk 0:10:34]} 20. bxa5 {[%clk 0:10:20]} Rxa5 {[%clk 0:09:39]} 21. Rc3
{[%clk 0:07:46]} f3 {[%clk 0:08:25]} 22. gxf3 {[%clk 0:07:34]} Bh3
{[%clk 0:08:38]} 23. Rfc1 {[%clk 0:07:11]} Rxf3 {[%clk 0:08:52]} 24. Qg5
{[%clk 0:06:46]} Nf4 {[%clk 0:08:10]} 25. Rc8 {[%clk 0:06:01]} Bxc8
{[%clk 0:08:38]} 26. Nxf4 {[%clk 0:05:31]} Rxf4 {[%clk 0:05:56]} 27. Bg3
{[%clk 0:04:24]} Rg4 {[%clk 0:05:28]} 28. Qe3 {[%clk 0:04:00]} Ba6
{[%clk 0:05:01]} 29. Qe2 {[%clk 0:03:32]} Bxb5 {[%clk 0:04:51]} 30. Bxb5
{[%clk 0:03:48]} h5 {[%clk 0:04:52]} 31. Kh1 {[%clk 0:02:39]} Rxa3
{[%clk 0:04:37]} 32. Qb2 {[%clk 0:02:10]} Re3 {[%clk 0:04:43]} 33. Be2
{[%clk 0:01:49]} Rgxe4 {[%clk 0:04:28]} 34. Bxh5 {[%clk 0:01:45]} Nxd5
{[%clk 0:04:32]} 35. Bf2 {[%clk 0:01:28]} Rh3 {[%clk 0:04:28]} 36. Bg6
{[%clk 0:01:36]} Rf4 {[%clk 0:03:49]} 37. Bg3 {[%clk 0:01:36]} Rb4
{[%clk 0:03:12]} 38. Qg2 {[%clk 0:01:18]} Rh6 {[%clk 0:03:30]} 39. Qxd5+
{[%clk 0:01:42]} Kh8 {[%clk 0:03:39]} 40. Bf5 {[%clk 0:01:55]} Qf6
{[%clk 0:02:02]} 41. Rc8+ {[%clk 0:01:23]} Bf8 {[%clk 0:02:08]} 42. Qa8
{[%clk 0:13:14]} Rb1+ {[%clk 0:31:25]} 43. Kg2 {[%clk 0:13:41]} Rb2+
{[%clk 0:31:15]} 44. Kg1 {[%clk 0:12:56]} Kg7 {[%clk 0:28:23]} 45. Qb7+
{[%clk 0:10:20]} Kh8 {[%clk 0:24:39]} 46. Qa8 {[%clk 0:10:06]} Kg7
{[%clk 0:22:02]} 47. Qb7+ {[%clk 0:10:30]} Be7 {[%clk 0:21:31]} 48. Qf3
{[%clk 0:05:54]} Qg5 {[%clk 0:19:35]} 49. Kh1 {[%clk 0:04:06]} Rf6
{[%clk 0:18:58]} 50. Qd5 {[%clk 0:02:37]} Qxf5 {[%clk 0:16:40]} 51. Qg8+
{[%clk 0:02:12]} Kh6 {[%clk 0:16:59]} 52. Qh8+ {[%clk 0:01:36]} Qh7
{[%clk 0:17:20]} 53. Qxh7+ {[%clk 0:01:23]} Kxh7 {[%clk 0:17:43]} 54. Rc7
{[%clk 0:01:35]} Rf1# {[%clk 0:18:04]} 0-1

[Event "WCO2014"]
[Site "Tromso"]
[Date "2014.08.03"]
[Round "2.38"]
[WhiteID "3101576"]
[White "Comas Colon Rinelly M."]
[BlackID "13201190"]
[Black "Cho Yeonhee"]
[Result "1-0"]
[LiveChessVersion "1.4.3"]
[BlackElo "1525"]
[WhiteElo "1762"]

1. c4 {[%clk 1:30:56]} e5 {[%clk 1:30:43]} 2. g3 {[%clk 1:31:18]} Nf6
{[%clk 1:31:03]} 3. Bg2 {[%clk 1:31:39]} d5 {[%clk 1:31:14]} 4. cxd5
{[%clk 1:31:56]} Nxd5 {[%clk 1:31:34]} 5. Nc3 {[%clk 1:32:14]} Nb6
{[%clk 1:31:41]} 6. Nf3 {[%clk 1:32:06]} Nc6 {[%clk 1:31:42]} 7. d3
{[%clk 1:31:58]} Be7 {[%clk 1:31:09]} 8. O-O {[%clk 1:31:36]} O-O
{[%clk 1:30:54]} 9. a3 {[%clk 1:29:09]} Be6 {[%clk 1:30:02]} 10. b4
{[%clk 1:28:36]} f6 {[%clk 1:28:18]} 11. Ne4 {[%clk 1:25:38]} Nd5
{[%clk 1:19:54]} 12. Bb2 {[%clk 1:22:16]} a6 {[%clk 1:12:27]} 13. Rc1
{[%clk 1:20:14]} Rc8 {[%clk 1:09:44]} 14. Nc5 {[%clk 1:08:29]} Bxc5
{[%clk 1:03:32]} 15. Rxc5 {[%clk 1:08:06]} Qe7 {[%clk 0:58:22]} 16. Nd2
{[%clk 0:51:12]} Rfd8 {[%clk 0:51:10]} 17. Nb3 {[%clk 0:50:25]} Qf7
{[%clk 0:39:12]} 18. b5 {[%clk 0:47:31]} axb5 {[%clk 0:31:39]} 19. Rxb5
{[%clk 0:47:01]} b6 {[%clk 0:30:38]} 20. Nd2 {[%clk 0:42:03]} Nd4
{[%clk 0:24:45]} 21. Bxd4 {[%clk 0:36:26]} exd4 {[%clk 0:25:07]} 22. Ne4
{[%clk 0:31:08]} Qe7 {[%clk 0:22:47]} 23. Qa1 {[%clk 0:27:41]} f5
{[%clk 0:22:00]} 24. Nd2 {[%clk 0:23:38]} Nc3 {[%clk 0:21:34]} 25. Re5
{[%clk 0:23:21]} Qd6 {[%clk 0:20:14]} 26. f4 {[%clk 0:21:02]} c6 {[%clk 0:16:17]}
27. Qb2 {[%clk 0:19:56]} Na4 {[%clk 0:16:14]} 28. Qa1 {[%clk 0:19:17]} b5
{[%clk 0:14:59]} 29. Nf3 {[%clk 0:16:40]} Nc5 {[%clk 0:08:59]} 30. Ng5
{[%clk 0:15:58]} g6 {[%clk 0:08:23]} 31. Nxe6 {[%clk 0:15:06]} Nxe6
{[%clk 0:08:38]} 32. Qa2 {[%clk 0:15:02]} Kf7 {[%clk 0:07:49]} 33. Rc1
{[%clk 0:15:02]} Kf6 {[%clk 0:07:36]} 34. h4 {[%clk 0:13:02]} h5 {[%clk 0:06:46]}
35. Qb3 {[%clk 0:12:42]} Rc7 {[%clk 0:06:03]} 36. a4 {[%clk 0:12:32]} bxa4
{[%clk 0:02:43]} 37. Qxa4 {[%clk 0:12:54]} Rdc8 {[%clk 0:02:39]} 38. Qa6
{[%clk 0:11:24]} Qd7 {[%clk 0:02:05]} 39. Qc4 {[%clk 0:11:05]} Qd6
{[%clk 0:01:40]} 40. Ra1 {[%clk 0:09:47]} Qd7 {[%clk 0:01:10]} 41. Ra4
{[%clk 0:09:02]} Rd8 {[%clk 0:00:53]} 42. Ra6 {[%clk 0:05:02]} Rdc8
{[%clk 0:00:54]} 43. Kf2 {[%clk 0:02:02]} Qd6 {[%clk 0:29:18]} 44. Rb6
{[%clk 0:29:14]} Nd8 {[%clk 0:25:12]} 45. Rd5 {[%clk 0:27:25]} Qe7
{[%clk 0:21:38]} 46. Qxd4+ {[%clk 0:23:44]} Kf7 {[%clk 0:20:57]} 47. Re5 Qf8
{[%clk 0:17:22]} 48. Qc4+ {[%clk 0:20:15]} Kg7 {[%clk 0:17:26]} 49. e4
{[%clk 0:16:12]} Nf7 {[%clk 0:15:00]} 50. Re6 {[%clk 0:16:06]} Nd8
{[%clk 0:14:11]} 51. Qd4+ {[%clk 0:16:09]} Kh7 {[%clk 0:14:15]} 52. Rf6
{[%clk 0:13:19]} Rf7 {[%clk 0:13:13]} 53. Rd6 {[%clk 0:13:07]} Qe7
{[%clk 0:11:49]} 54. exf5 {[%clk 0:12:36]} gxf5 {[%clk 0:11:03]} 55. Bf3
{[%clk 0:11:15]} Ne6 {[%clk 0:09:10]} 56. Qe5 {[%clk 0:10:58]} Ng7
{[%clk 0:09:15]} 57. Qd4 {[%clk 0:10:36]} Ne6 {[%clk 0:09:14]} 58. Qe5
{[%clk 0:10:22]} Ng7 {[%clk 0:09:20]} 59. Qc5 {[%clk 0:09:47]} Ra8
{[%clk 0:07:12]} 60. Rb2 {[%clk 0:09:08]} Ne6 {[%clk 0:06:19]} 61. Qxc6
{[%clk 0:09:08]} Qa7+ {[%clk 0:05:22]} 62. Kg2 {[%clk 0:05:45]} Qa3
{[%clk 0:04:37]} 63. Re2 {[%clk 0:05:21]} 1-0

[Event "WCO2014"]
[Site "Tromso"]
[Date "2014.08.03"]
[Round "2.37"]
[WhiteID "13200208"]
[White "You Garam"]
[BlackID "3101177"]
[Black "Rivera Negron Yanira"]
[Result "1/2-1/2"]
[LiveChessVersion "1.4.3"]
[BlackElo "1603"]
[WhiteElo "1487"]

1. e4 {[%clk 1:30:51]} e6 {[%clk 1:30:55]} 2. d4 {[%clk 1:31:18]} d5
{[%clk 1:31:20]} 3. exd5 {[%clk 1:31:22]} exd5 {[%clk 1:31:43]} 4. Nf3
{[%clk 1:31:13]} c6 {[%clk 1:31:27]} 5. Be2 {[%clk 1:29:21]} Bd6 6. c3
{[%clk 1:26:22]} Bg4 {[%clk 1:28:24]} 7. O-O {[%clk 1:20:16]} Nf6
{[%clk 1:24:04]} 8. Nbd2 {[%clk 1:15:40]} Nbd7 {[%clk 1:14:48]} 9. Re1
{[%clk 1:07:06]} O-O {[%clk 1:09:31]} 10. Qc2 {[%clk 1:02:55]} Re8
{[%clk 1:04:29]} 11. b3 {[%clk 0:59:21]} Ne4 {[%clk 0:57:12]} 12. Nxe4
{[%clk 0:55:48]} dxe4 {[%clk 0:50:27]} 13. Ng5 {[%clk 0:52:21]} Bxe2
{[%clk 0:45:47]} 14. Rxe2 {[%clk 0:44:11]} Qc7 {[%clk 0:22:34]} 15. h3
{[%clk 0:40:42]} c5 {[%clk 0:18:24]} 16. d5 {[%clk 0:19:16]} c4 {[%clk 0:11:14]}
17. Bb2 {[%clk 0:11:59]} Nf6 {[%clk 0:08:14]} 18. Rd1 {[%clk 0:09:16]} Rad8
{[%clk 0:06:59]} 19. Nxe4 {[%clk 0:08:24]} Nxe4 {[%clk 0:03:27]} 20. Rxe4
{[%clk 0:08:19]} Rxe4 {[%clk 0:02:52]} 21. Qxe4 {[%clk 0:08:23]} cxb3
{[%clk 0:03:09]} 22. axb3 {[%clk 0:08:17]} Qb6 {[%clk 0:01:34]} 23. Qc2
{[%clk 0:05:31]} Qc5 {[%clk 0:01:23]} 24. c4 {[%clk 0:05:05]} b5 {[%clk 0:01:05]}
25. Bd4 {[%clk 0:04:30]} Qb4 {[%clk 0:00:53]} 26. Bxa7 {[%clk 0:03:25]} bxc4
{[%clk 0:00:55]} 27. bxc4 {[%clk 0:03:10]} Re8 {[%clk 0:00:49]} 28. Be3
{[%clk 0:02:41]} Rc8 {[%clk 0:00:51]} 29. Rc1 {[%clk 0:02:16]} Bc5
{[%clk 0:00:39]} 30. Bxc5 {[%clk 0:02:14]} Qxc5 {[%clk 0:01:02]} 31. Kf1
{[%clk 0:02:02]} g6 {[%clk 0:01:18]} 32. Qe4 {[%clk 0:01:22]} Kf8
{[%clk 0:01:20]} 33. Qe3 {[%clk 0:01:23]} Qd6 {[%clk 0:01:19]} 34. Qg3
{[%clk 0:01:19]} Qb4 {[%clk 0:01:20]} 35. Qc3 {[%clk 0:01:30]} Qc5
{[%clk 0:01:14]} 36. Qh8+ {[%clk 0:01:21]} Ke7 {[%clk 0:01:34]} 37. Qe5+
{[%clk 0:01:11]} Kf8 {[%clk 0:01:17]} 38. Qe3 {[%clk 0:01:05]} Qd6
{[%clk 0:01:27]} 39. Qd4 {[%clk 0:01:02]} Rd8 {[%clk 0:01:10]} 40. c5
{[%clk 0:00:49]} Qxd5 {[%clk 0:01:32]} 41. Qxd5 {[%clk 0:01:04]} Rxd5
{[%clk 0:01:56]} 42. c6 {[%clk 0:30:29]} Rd8 {[%clk 0:32:46]} 43. Ke2
{[%clk 0:30:06]} Ke7 {[%clk 0:33:08]} 44. Ke3 {[%clk 0:30:15]} Rc8
{[%clk 0:33:06]} 45. Ke4 {[%clk 0:30:00]} Ke6 {[%clk 0:33:17]} 46. g4
{[%clk 0:26:30]} Kd6 {[%clk 0:26:24]} 47. f4 {[%clk 0:25:55]} Re8+
{[%clk 0:21:43]} 48. Kd4 {[%clk 0:24:49]} Rc8 {[%clk 0:19:08]} 49. Rc5
{[%clk 0:23:05]} f6 {[%clk 0:18:32]} 50. g5 {[%clk 0:10:31]} f5 {[%clk 0:11:40]}
51. h4 {[%clk 0:09:23]} Rc7 {[%clk 0:07:34]} 52. Rd5+ {[%clk 0:06:50]} Kxc6
{[%clk 0:04:35]} 53. Rc5+ {[%clk 0:06:50]} Kd6 {[%clk 0:04:58]} 54. Rxc7
{[%clk 0:06:40]} Kxc7 {[%clk 0:05:23]} 55. Ke5 {[%clk 0:07:07]} Kc6
{[%clk 0:05:43]} 56. Kf6 {[%clk 0:06:58]} Kd5 {[%clk 0:06:05]} 57. Kg7
{[%clk 0:07:13]} Ke4 {[%clk 0:06:30]} 58. Kxh7 {[%clk 0:07:29]} Kxf4
{[%clk 0:06:55]} 59. Kxg6 {[%clk 0:07:54]} Kg4 {[%clk 0:07:08]} 60. h5
{[%clk 0:07:31]} f4 {[%clk 0:07:33]} 61. h6 {[%clk 0:07:42]} f3 {[%clk 0:07:48]}
62. h7 {[%clk 0:08:07]} f2 {[%clk 0:08:14]} 63. h8=Q f1=Q {[%clk 0:10:14]} 64.
Qd4+ {[%clk 0:08:42]} Kg3 {[%clk 0:10:15]} 65. Qe3+ {[%clk 0:08:29]} Kg4
{[%clk 0:10:17]} 66. Qe4+ {[%clk 0:07:06]} Kg3 {[%clk 0:10:26]} 67. Qe5+
{[%clk 0:06:35]} Kg4 {[%clk 0:10:40]} 68. Qd4+ {[%clk 0:04:36]} Kg3
{[%clk 0:10:54]} 69. Qe3+ {[%clk 0:04:52]} Kg4 {[%clk 0:11:10]} 70. Qe4+ 1/2-1/2

[Event "WCO2014"]
[Site "Tromso"]
[Date "2014.08.03"]
[Round "2.17"]
[WhiteID "3700860"]
[White "Vargas Gabriela"]
[BlackID "12301744"]
[Black "Jaiswal Bina"]
[Result "1-0"]
[LiveChessVersion "1.4.3"]
[BlackElo "1592"]
[WhiteElo "2112"]

1. d4 {[%clk 1:30:57]} d5 {[%clk 1:30:44]} 2. Nf3 {[%clk 1:31:22]} Nf6
{[%clk 1:30:56]} 3. e3 {[%clk 1:31:42]} e6 {[%clk 1:29:51]} 4. Bd3
{[%clk 1:31:56]} Be7 {[%clk 1:28:20]} 5. O-O {[%clk 1:31:42]} O-O
{[%clk 1:28:26]} 6. b3 {[%clk 1:31:10]} b6 {[%clk 1:26:27]} 7. Bb2
{[%clk 1:31:08]} Na6 {[%clk 1:22:20]} 8. Ne5 {[%clk 1:30:20]} Nb4
{[%clk 1:12:23]} 9. Be2 {[%clk 1:30:18]} Bb7 {[%clk 1:07:59]} 10. Nd2
{[%clk 1:29:22]} Rc8 {[%clk 1:03:26]} 11. a3 {[%clk 1:16:48]} Na6
{[%clk 0:57:44]} 12. Bd3 {[%clk 1:12:35]} Ne8 {[%clk 0:47:41]} 13. Qe2
{[%clk 1:09:04]} Nb8 {[%clk 0:43:55]} 14. f4 {[%clk 1:09:05]} f6 {[%clk 0:43:50]}
15. Qh5 {[%clk 0:55:41]} h6 {[%clk 0:39:52]} 16. Qg6 {[%clk 0:54:02]} fxe5
{[%clk 0:29:39]} 17. Qh7+ {[%clk 0:54:07]} Kf7 {[%clk 0:30:03]} 18. Bg6+
{[%clk 0:54:27]} Kf6 {[%clk 0:29:50]} 19. dxe5# {[%clk 0:54:48]} 1-0

[Event "WCO2014"]
[Site "Tromso"]
[Date "2014.08.03"]
[Round "2.18"]
[WhiteID "12301329"]
[White "Adhikari Ashmita"]
[BlackID "3702014"]
[Black "Perez Dalila"]
[Result "0-1"]
[LiveChessVersion "1.4.3"]
[BlackElo "1791"]
[WhiteElo "1663"]

1. e4 {[%clk 1:30:57]} e6 {[%clk 1:30:54]} 2. d4 {[%clk 1:31:18]} d5
{[%clk 1:31:19]} 3. exd5 {[%clk 1:31:28]} exd5 {[%clk 1:31:44]} 4. h3
{[%clk 1:30:21]} Bd6 {[%clk 1:31:22]} 5. Nf3 {[%clk 1:29:43]} Ne7
{[%clk 1:30:35]} 6. Bd3 {[%clk 1:28:57]} Nbc6 {[%clk 1:30:18]} 7. c3
{[%clk 1:28:49]} Be6 {[%clk 1:29:27]} 8. Be3 {[%clk 1:27:16]} Qd7
{[%clk 1:26:30]} 9. Nbd2 {[%clk 1:23:38]} h6 {[%clk 1:24:39]} 10. Qc2
{[%clk 1:16:37]} Bf5 {[%clk 1:12:48]} 11. O-O-O {[%clk 1:06:42]} Bxd3
{[%clk 1:09:58]} 12. Qxd3 {[%clk 1:07:01]} O-O-O {[%clk 1:05:43]} 13. Nb3
{[%clk 1:03:43]} a6 {[%clk 1:02:01]} 14. Rhe1 {[%clk 0:56:51]} Rde8
{[%clk 0:57:40]} 15. g4 {[%clk 0:46:04]} f5 {[%clk 0:54:57]} 16. Rg1
{[%clk 0:39:03]} Rhf8 {[%clk 0:50:28]} 17. Ne1 {[%clk 0:38:17]} g5
{[%clk 0:42:18]} 18. f3 {[%clk 0:33:53]} Ng6 {[%clk 0:38:53]} 19. Bd2
{[%clk 0:29:43]} Nf4 {[%clk 0:33:53]} 20. Bxf4 {[%clk 0:28:40]} Bxf4+
{[%clk 0:34:21]} 21. Kb1 {[%clk 0:28:39]} Re3 {[%clk 0:34:01]} 22. Qf1
{[%clk 0:27:39]} fxg4 {[%clk 0:33:11]} 23. hxg4 {[%clk 0:26:43]} Bd6
{[%clk 0:28:15]} 24. Rd3 {[%clk 0:23:45]} Qh7 {[%clk 0:27:25]} 25. Ka1
{[%clk 0:22:47]} Rxe1+ {[%clk 0:27:02]} 26. Qxe1 {[%clk 0:21:40]} Qxd3
{[%clk 0:27:23]} 27. Qe6+ {[%clk 0:21:37]} Kb8 {[%clk 0:27:43]} 28. Qxh6
{[%clk 0:18:32]} Qe3 {[%clk 0:26:14]} 29. Rh1 {[%clk 0:16:27]} Rxf3
{[%clk 0:26:24]} 30. Qg6 {[%clk 0:13:29]} Ka7 {[%clk 0:23:42]} 31. Rb1
{[%clk 0:11:11]} Qf4 {[%clk 0:21:38]} 32. Qe6 {[%clk 0:09:28]} Rf1
{[%clk 0:20:17]} 33. a3 {[%clk 0:08:58]} Rxb1+ {[%clk 0:20:13]} 34. Kxb1
{[%clk 0:09:14]} Qf1+ {[%clk 0:20:38]} 35. Ka2 {[%clk 0:09:20]} Qc4
{[%clk 0:20:59]} 36. Qe1 {[%clk 0:08:31]} a5 {[%clk 0:21:06]} 37. Qd1
{[%clk 0:07:34]} a4 {[%clk 0:21:29]} 38. Qd2 {[%clk 0:07:10]} axb3+
{[%clk 0:21:42]} 39. Kb1 {[%clk 0:07:19]} Bf4 {[%clk 0:21:52]} 40. Qd1
{[%clk 0:06:29]} Na5 {[%clk 0:21:35]} 0-1

[Event "WCO2014"]
[Site "Tromso"]
[Date "2014.08.03"]
[Round "2.19"]
[WhiteID "3702073"]
[White "Avalos Leticia"]
[BlackID "12301779"]
[Black "Jaiswal Sangita"]
[Result "1-0"]
[LiveChessVersion "1.4.3"]
[BlackElo "1667"]
[WhiteElo "1687"]

1. d4 {[%clk 1:30:57]} d5 {[%clk 1:30:34]} 2. c4 {[%clk 1:31:20]} e6
{[%clk 1:30:02]} 3. Nf3 {[%clk 1:31:40]} Nf6 {[%clk 1:30:06]} 4. Bg5
{[%clk 1:32:00]} Be7 {[%clk 1:29:56]} 5. Nc3 {[%clk 1:31:04]} Nbd7
{[%clk 1:28:48]} 6. cxd5 {[%clk 1:30:56]} exd5 {[%clk 1:28:26]} 7. e3
{[%clk 1:31:18]} O-O {[%clk 1:27:10]} 8. Bd3 {[%clk 1:31:40]} h6 {[%clk 1:27:26]}
9. Bh4 {[%clk 1:31:16]} Nb6 {[%clk 1:23:02]} 10. h3 {[%clk 1:30:16]} Be6
{[%clk 1:22:02]} 11. O-O {[%clk 1:30:22]} Re8 {[%clk 1:20:23]} 12. Qc2
{[%clk 1:29:11]} Nbd7 {[%clk 1:15:14]} 13. Rac1 {[%clk 1:27:46]} c6
{[%clk 1:13:18]} 14. a3 {[%clk 1:28:09]} Qc7 {[%clk 1:06:32]} 15. Bg3
{[%clk 1:26:39]} Bd6 {[%clk 1:06:00]} 16. Nb5 {[%clk 1:24:05]} cxb5
{[%clk 1:03:12]} 17. Qxc7 {[%clk 1:24:27]} Bxc7 {[%clk 1:03:37]} 18. Rxc7
{[%clk 1:24:51]} b6 {[%clk 1:02:37]} 19. Bxb5 {[%clk 1:24:40]} a6
{[%clk 1:01:13]} 20. Bd3 {[%clk 1:22:14]} Rec8 {[%clk 0:56:43]} 21. Rfc1
{[%clk 1:21:29]} Rxc7 {[%clk 0:48:48]} 22. Rxc7 {[%clk 1:21:52]} Ne8
{[%clk 0:48:57]} 23. Rc6 {[%clk 1:18:04]} b5 {[%clk 0:47:45]} 24. Nd2
{[%clk 1:16:26]} Nef6 {[%clk 0:41:44]} 25. f3 {[%clk 1:15:13]} Nh5
{[%clk 0:28:08]} 26. Bh2 {[%clk 1:12:14]} Ra7 {[%clk 0:17:36]} 27. Rc8+
{[%clk 1:11:23]} Nf8 {[%clk 0:17:35]} 28. Rb8 {[%clk 1:11:45]} g6
{[%clk 0:17:23]} 29. Bd6 Nf6 {[%clk 0:06:08]} 30. Rxf8+ {[%clk 1:11:52]} Kg7
{[%clk 0:06:27]} 31. Rd8 {[%clk 1:11:34]} h5 {[%clk 0:05:17]} 32. Be5
{[%clk 1:11:44]} Rd7 {[%clk 0:05:24]} 33. Rxd7 {[%clk 1:11:41]} Bxd7
{[%clk 0:05:48]} 34. e4 {[%clk 1:11:59]} dxe4 {[%clk 0:03:33]} 35. Nxe4
{[%clk 1:12:15]} 1-0

[Event "WCO2014"]
[Site "Tromso"]
[Date "2014.08.03"]
[Round "2.36"]
[WhiteID "7902867"]
[White "Meghara Lylia"]
[BlackID "8200335"]
[Black "Frijde Reyna"]
[Result "1-0"]
[LiveChessVersion "1.4.3"]
[BlackElo "1607"]
[WhiteElo "1811"]

1. e4 {[%clk 1:30:58]} c5 {[%clk 1:30:58]} 2. Nf3 {[%clk 1:31:19]} Nc6
{[%clk 1:31:17]} 3. d4 {[%clk 1:31:37]} cxd4 {[%clk 1:31:42]} 4. Nxd4
{[%clk 1:32:02]} g6 {[%clk 1:31:56]} 5. Nc3 {[%clk 1:31:41]} Bg7 {[%clk 1:32:17]}
6. Be3 {[%clk 1:31:51]} d6 {[%clk 1:31:02]} 7. Bc4 {[%clk 1:31:05]} Nf6
{[%clk 1:30:49]} 8. Bb3 {[%clk 1:15:41]} Bd7 {[%clk 1:28:59]} 9. f3
{[%clk 1:14:08]} O-O {[%clk 1:25:53]} 10. Qd2 {[%clk 1:13:46]} a5
{[%clk 1:17:53]} 11. a4 {[%clk 1:07:19]} Rc8 {[%clk 1:08:54]} 12. g4
{[%clk 1:00:12]} Ne5 {[%clk 1:03:36]} 13. Qe2 {[%clk 0:54:21]} Ne8
{[%clk 0:55:38]} 14. h4 {[%clk 0:51:54]} Nc6 {[%clk 0:53:29]} 15. Nxc6
{[%clk 0:46:33]} Rxc6 {[%clk 0:46:33]} 16. Qd2 {[%clk 0:43:16]} Nc7
{[%clk 0:41:41]} 17. h5 {[%clk 0:35:13]} Be6 {[%clk 0:37:27]} 18. Bh6
{[%clk 0:31:34]} Bxb3 {[%clk 0:34:32]} 19. Bxg7 {[%clk 0:18:36]} Kxg7
{[%clk 0:33:34]} 20. cxb3 {[%clk 0:18:07]} Rh8 {[%clk 0:23:16]} 21. Nd5
{[%clk 0:14:13]} Nxd5 {[%clk 0:19:55]} 22. exd5 {[%clk 0:14:25]} Rc5
{[%clk 0:19:01]} 23. Rc1 {[%clk 0:13:15]} Rxc1+ {[%clk 0:18:06]} 24. Qxc1
{[%clk 0:13:44]} f6 {[%clk 0:14:51]} 25. h6+ {[%clk 0:12:15]} Kf7
{[%clk 0:13:12]} 26. Qe3 {[%clk 0:09:38]} Qc8 {[%clk 0:11:23]} 27. Kd2
{[%clk 0:09:54]} Qc5 {[%clk 0:06:33]} 28. Qe6+ {[%clk 0:08:22]} Ke8
{[%clk 0:06:04]} 29. Re1 {[%clk 0:08:06]} Qc7 {[%clk 0:05:52]} 30. Rc1 1-0

[Event "WCO2014"]
[Site "Tromso"]
[Date "2014.08.03"]
[Round "2.35"]
[WhiteID "8200475"]
[White "Ooft Tesora"]
[BlackID "7900970"]
[Black "Mezioud Amina"]
[Result "0-1"]
[LiveChessVersion "1.4.3"]
[BlackElo "2052"]
[WhiteElo "1737"]

1. e4 {[%clk 1:30:57]} e5 {[%clk 1:30:46]} 2. Nf3 {[%clk 1:31:21]} d6
{[%clk 1:31:07]} 3. d4 {[%clk 1:31:40]} exd4 {[%clk 1:31:30]} 4. Nxd4
{[%clk 1:32:06]} Nf6 {[%clk 1:31:53]} 5. Nc3 {[%clk 1:32:27]} Be7
{[%clk 1:32:01]} 6. Bf4 {[%clk 1:30:59]} O-O {[%clk 1:32:01]} 7. Qd2
{[%clk 1:30:52]} Nc6 {[%clk 1:31:19]} 8. O-O-O {[%clk 1:29:53]} Nxd4
{[%clk 1:23:20]} 9. Qxd4 {[%clk 1:30:16]} Nh5 {[%clk 1:23:14]} 10. Be3
{[%clk 1:29:48]} Bf6 {[%clk 1:22:58]} 11. Qd2 {[%clk 1:29:28]} g6
{[%clk 1:21:15]} 12. f3 {[%clk 1:27:06]} Bg7 {[%clk 1:17:56]} 13. g4
{[%clk 1:27:06]} Nf6 {[%clk 1:18:19]} 14. e5 {[%clk 1:15:37]} Ne8
{[%clk 1:17:50]} 15. Bh6 {[%clk 1:15:38]} Be6 {[%clk 1:12:11]} 16. Bxg7
{[%clk 1:13:55]} Kxg7 {[%clk 1:10:04]} 17. h4 {[%clk 1:13:31]} Qe7
{[%clk 1:06:35]} 18. h5 {[%clk 1:07:35]} dxe5 {[%clk 0:58:33]} 19. hxg6
{[%clk 1:07:51]} fxg6 {[%clk 0:58:37]} 20. Qh6+ {[%clk 1:07:12]} Kg8
{[%clk 0:58:38]} 21. Re1 {[%clk 1:00:20]} Qg7 {[%clk 0:42:50]} 22. Bg2
{[%clk 0:50:11]} Qxh6+ {[%clk 0:41:28]} 23. Rxh6 {[%clk 0:50:32]} Nd6
{[%clk 0:41:48]} 24. Reh1 {[%clk 0:48:47]} Rf7 {[%clk 0:41:22]} 25. Re1
{[%clk 0:49:09]} Re7 {[%clk 0:40:05]} 26. Ne4 {[%clk 0:39:06]} Nxe4
{[%clk 0:39:16]} 27. Rxe4 {[%clk 0:39:27]} Bd5 {[%clk 0:39:37]} 28. Re3
{[%clk 0:39:04]} Rf8 {[%clk 0:37:23]} 29. Rh1 {[%clk 0:38:31]} Ref7
{[%clk 0:37:00]} 30. Rh3 {[%clk 0:35:52]} Bc6 {[%clk 0:32:35]} 31. a3
{[%clk 0:27:27]} Rf4 {[%clk 0:32:31]} 32. Rg3 {[%clk 0:26:09]} Re8
{[%clk 0:29:49]} 33. Bf1 {[%clk 0:21:27]} e4 {[%clk 0:26:42]} 34. Bg2
{[%clk 0:17:27]} exf3 {[%clk 0:25:07]} 35. Rxe8+ {[%clk 0:17:48]} Bxe8
{[%clk 0:25:23]} 36. Bxf3 {[%clk 0:18:13]} c6 {[%clk 0:25:24]} 37. Kd2
{[%clk 0:17:55]} g5 {[%clk 0:25:12]} 38. c3 {[%clk 0:17:35]} h6 {[%clk 0:22:53]}
39. Ke3 {[%clk 0:16:32]} Kg7 {[%clk 0:22:49]} 40. b4 {[%clk 0:15:38]} a5
{[%clk 0:20:43]} 41. Be2 {[%clk 0:14:04]} Bf7 {[%clk 0:19:12]} 42. Rg1
{[%clk 0:12:19]} axb4 {[%clk 0:19:32]} 43. axb4 {[%clk 0:12:30]} Be6
{[%clk 0:18:08]} 44. Bf3 {[%clk 0:10:44]} Kf6 {[%clk 0:17:21]} 45. Rg3
{[%clk 0:10:12]} Ke5 {[%clk 0:16:40]} 46. Rg1 {[%clk 0:09:46]} Bd5
{[%clk 0:14:56]} 47. Be2 {[%clk 0:09:12]} Re4+ {[%clk 0:12:40]} 48. Kd2
{[%clk 0:08:38]} Bc4 {[%clk 0:07:54]} 49. Bf3 {[%clk 0:08:19]} Rf4
{[%clk 0:08:15]} 50. Ke3 {[%clk 0:07:28]} Bd5 {[%clk 0:08:14]} 51. Be2
{[%clk 0:07:28]} Rf8 {[%clk 0:08:06]} 52. Rg3 {[%clk 0:05:04]} Ra8
{[%clk 0:08:10]} 53. Rh3 {[%clk 0:05:05]} Rh8 {[%clk 0:07:23]} 54. Rg3
{[%clk 0:04:46]} Re8 {[%clk 0:06:02]} 55. Kd2 {[%clk 0:04:39]} Kf4
{[%clk 0:05:30]} 56. Rh3 {[%clk 0:03:03]} Re6 {[%clk 0:05:31]} 57. Bd1
{[%clk 0:27:34]} Rd6 {[%clk 0:34:48]} 58. Ke1 {[%clk 0:26:37]} Bg2
{[%clk 0:34:31]} 59. Rh5 {[%clk 0:23:03]} Bf3 {[%clk 0:34:42]} 0-1